El silencio del asesino / (Registro nro. 60058)

Detalles MARC
000 -LDR (LÍDER)
fixed length control field 00961cam a2200277 a 4500
008 - FIXED-LENGTH DATA ELEMENTS--GENERAL INFORMATION
fixed length control field 190621s2019 ck a gr 000 jdspa
020 ## - ISBN
ISBN 9789584230737
040 ## - FUENTE DE CATALOGACIÓN
Agencia catalogadora original CO-BoBN
Idioma de la agencia catalogadora spa
Agencia que transcribe CO-BoBN
Norma para la descripción rda
082 04 - Clasificación Dewey
Clasificación Dewey 863.7
Clave de autor L864s
Edition number 23
084 ## - Clasificación facetada
Número de clasificación C LOP2s
100 1# - Autor
Nombre López Narváez, Concha,
Fechas asociadas al nombre 1939-
Termino relación autor
9 (RLIN) 42059
245 13 - Título
Título El silencio del asesino /
Mención de responsabilidad Concha López Narváez ; ilustraciones de Rafael Salmerón
250 ## - Edición
Edición novena edición
264 #1 - Pie de imprenta
Ciudad de publicación Bogotá; Colombia
Editorial Editoral Planeta Colombiana
Año 2024
300 ## - Descripción física
Extensión 141 páginas
Otros detalles físicos ilustraciones en blanco y negro
Dimensiones 19 cm
336 ## - Tipo de Contenido
Tipo de contenido texto
Código de tipo de contenido txt
Fuente rdacontenido
337 ## - Tipo de Medio
Tipo de Medio no mediado
Código de tipo de medio n
Fuente rdamedio
338 ## - Tipo de soporte
Tipo de soporte volumen
Código de tipo de soporte nc
Fuente rdasoporte
490 0# - Serie
Serie Planeta lector. Juvenil
500 ## - Nota
Notas Incluye biografía de la autora
650 14 - Asiento secundario de materia - término temático
Encabezamiento temático Cuentos españoles
Subdivisión cronológica Siglo XXI
Fuente del encabezado o término LEMB
700 1# - ASIENTO SECUNDARIO - NOMBRE PERSONAL
Nombre personal Salmerón, Rafael,
Término de relación, rol en la obra ilustrador
942 ## - Información adicional
Tipo de material LIbro
650 14 - Asiento secundario de materia - término temático
-- 65054
700 1# - ASIENTO SECUNDARIO - NOMBRE PERSONAL
-- 67651

No hay ítems disponibles.










Instituto Departamental de Cultura del Meta - Red Departamental de Bibliotecas Públicas del Meta.